000 00401nam a22001697a 4500
005 20251007111648.0
020 _a978-81-219-4074-0
041 _aEnglish
082 _a001 Q13 SIN
100 _aSingh.O.P
245 _aArt of Effective Communication in Group Discussion and Interview
250 _a1
260 _aNew Delhi
_bS.Chand
_c2013
300 _a272
365 _b300.00
942 _cBK
999 _c176315
_d176315